RICS urges Commission to rethink (Record no. 70718)

MARC details
000 -LEADER
fixed length control field 00868cam a2200205 4500
001 - CONTROL NUMBER
control field WB3825-21
008 - FIXED-LENGTH DATA ELEMENTS--GENERAL INFORMATION
fixed length control field 020711n2002 000 0 eng u
035 ## - SYSTEM CONTROL NUMBER
System control number (Sirsi) u118784
245 ## - TITLE STATEMENT
Title RICS urges Commission to rethink
260 ## - PUBLICATION, DISTRIBUTION, ETC.
Date of publication, distribution, etc. 2002
490 ## - SERIES STATEMENT
Series statement RICS Press Release
Volume/sequential designation (085) 10 July 2002, (2)
520 ## - SUMMARY, ETC.
Summary, etc. RICS has urged European Commission to rethink its proposals to reform the Common Agricultural Policy. Policies to switch subsidies from agricultural production to environmental schemes (modulation) could result in 22% reduction in average net farm income in UK. RICS Press Release www.rics.org/ricscms/bin/show?class=PressRelease&template=/includes/showpr.html&id=768
590 ## - LOCAL NOTE (RLIN)
Local note WB
650 ## - SUBJECT ADDED ENTRY--TOPICAL TERM
Topical term or geographic name entry element MODULATION
650 ## - SUBJECT ADDED ENTRY--TOPICAL TERM
Topical term or geographic name entry element COMMON AGRICULTURAL POLICY
650 ## - SUBJECT ADDED ENTRY--TOPICAL TERM
Topical term or geographic name entry element CAP
650 ## - SUBJECT ADDED ENTRY--TOPICAL TERM
Topical term or geographic name entry element AGRICULTURAL POLICY
690 ## - LOCAL SUBJECT ADDED ENTRY--TOPICAL TERM (OCLC, RLIN)
Topical term or geographic name as entry element Rural
9 (RLIN) 6268
942 ## - ADDED ENTRY ELEMENTS (KOHA)
Suppress in OPAC 0
Holdings
Withdrawn status Lost status Source of classification or shelving scheme Damaged status Not for loan Home library Current library Shelving location Date acquired Total Checkouts Full call number Barcode Date last seen Copy number Price effective from Koha item type
    Dewey Decimal Classification     London London News article 11/07/2002   WB3825-21 118784-1001 06/08/2019 1 06/08/2019 News article